000 00558nam a22001697a 4500
005 20251108172420.0
008 250721s9999 xx 000 0 ara d
082 1 4 _a796.812/كتا
245 1 0 _aكتاب تعليم الكارتيه و الجيدو :
_bفن الدفاع عن النفس بالصور و الشروحات /
264 1 _aبيروت :
_bمكتبة المعارف،
_c[19-].
300 _a104 ص.
650 1 7 _aالألعاب الرياضية
650 1 7 _aالكارتيه
650 1 7 _aالجودو
942 _2ddc
_cBK
999 _c78719
_d78719